=LDR 00000nam 2200000 4500 =001 INLIS000000000032493 =005 20130612134510 =008 ***********************************ind** =035 ##$$0010-061300000032493 =041 ##$$a ind =082 ##$$a 428 =090 ##$$a 428, Fat c =100 ##$$a Fathuddin =245 ##$$a Cara mudah Meningkatkan Penguasaan =260 ##$$a 2007 $b Jakarta =300 ##$$a xi,280 hlm, 20 cm =650 ##$$a Bahasa Inggris-Percakapan =850 ##$$a NBPNMAT